Η πόλη στην Ευρώπη

Αποθηκεύτηκε σε:
Λεπτομέρειες βιβλιογραφικής εγγραφής
Κύριος συγγραφέας: Benevolo, Leonardo
Άλλοι συγγραφείς: Παπασταύρου, Άννα (trlf)
Μορφή: Βιβλίο
Γλώσσα:Greek
Italian
Δημοσίευση: Αθήνα : Ελληνικά Γράμματα, c1997.
Σειρά:Η διαμόρφωση της Ευρώπης ; 3
Θέματα:
Ετικέτες: Προσθήκη ετικέτας
Δεν υπάρχουν, Καταχωρήστε ετικέτα πρώτοι!

MARC

LEADER 00000cam a2200000 i 4500
001 1/12493
008 971010s1997 gr | ||| |||| ||gre||
020 |a 9789603443056 
020 |a 9603443050 
035 |1 ΠΑΡ  |a 1997  |l 10018652 
040 |a GR-MyUa  |b gre  |e AACR2 
041 1 |a gre  |h ita 
082 7 |a 307.7609   |2 (22) 
100 1 |a Benevolo, Leonardo. 
245 1 2 |a Η πόλη στην Ευρώπη /   |c Leonardo Benevolo ; μετάφραση Άννα Παπασταύρου. 
260 |a Αθήνα :   |b Ελληνικά Γράμματα,   |c c1997. 
300 |a 361 σ. :   |b εικ. ;   |c 21 εκ. 
490 1 |a (Η διαμόρφωση της Ευρώπης ;   |v 3) 
500 |a Τα αντίτυπαπ c.1 και c.2 είναι 5η έκδοση (ανατύπωση) του 1997. Τα αντίτυπα c.3 και c.4 είναι 9η έκδοση (ανατύπωση) του 2009 
500 |a Τίτλος πρωτοτύπου: La citta nella storia d'Europa. 
504 |a Βιβλιογραφία: σ. 357-361. 
650 0 |a Cities and towns  |z Europe  |x History. 
651 0 |a Europe  |x Intellectual life. 
700 1 |a Παπασταύρου, Άννα,  |e trlf 
830 0 |a Η διαμόρφωση της Ευρώπης ;  |v 3 
852 |a INST  |b LESVOS  |e 19971010  |h 307.7609 ΒΕΝ  |p 005100015539  |q 005100015539  |t BK  |y 0 
852 |a INST  |b LESVOS  |e 20110728  |h 307.7609 ΒΕΝ  |p 005100050058  |q 005100050058  |t BK  |y 0 
852 |a INST  |b LESVOS  |e 20110728  |h 307.7609 ΒΕΝ  |p 005100050059  |q 005100050059  |t BK  |y 0 
852 |a INST  |b LESVOS  |e 20110728  |h 307.7609 ΒΕΝ  |p 005100050060  |q 005100050060  |t BK  |y 0 
852 |a INST  |b SYROS  |e 20200729  |h 307.7609 BEN  |p 005500014847  |q 005500014847  |t BK  |y 0 
901 |a BIBL1-2011-02 
922 |a 1ΔΩΡ  |b 199710  |c ΤΚΑ